01962 2200205 4500001002100000005001500021035002000036245002600056100001400082250000600096300002600102856004500128260003800173082000800211084001400219020002200233600001000255520147900265990001201744INLIS00000000000196320250523102110 a0010-05250002551 aSi Putih /cTere Liye0 aTere Liye a1 a376 ;c13,5 x 19,5 cm aRuang Baca Umum No Klas 800 ( Rak 3,4,5) aJakarta :bKompas Gramedia,c2021 a813 a813 TER s a978-6020-652-25-2 4aFiksi aSi Putih adalah spin-off buku kesembilan dari serial Bumi petualangan dunia paralel karya Tere Liye. Namun, apabila kalian berharap akan berpetualang dan berjelajah bersama tiga sekawan Raib, Ali, dan Seli di dalam novel ini, jelas tidak ada karena kehadirannya hanya sebagai cameo. Melalui buku setebal 376 halaman ini pembaca akan diajak berpetualang ke klan baru yang belum pernah ditemukan pada novel-novel sebelumnya dari serial Bumi ini. Sinopsis: Bagaimana jika hewan kesayangan kalian ternyata hewan dengan kekuatan terbesar di dunia paralel? Bagaimana jika hewan yang terlihat imut, menggemaskan, ternyata bisa menjadi salah satu petarung paling hebat? Kali ini kita akan berpetualang di klan baru, dengan tokoh-tokoh baru. Termasuk mengetahui bahwa pandemi yang menyusahkan penduduk juga terjadi di klan-klan jauh. Tapi ingatlah selalu, setiap ada kesusahan, selalu muncul hal-hal menarik yang positif. Kisah ini tentang si Putih, kucing kesayangan Raib. Masa lalu si Putih tidak kalah menarik, sebelum akhirnya kucing itu diletakkan di depan pintu rumah sebagai hadiah ulang tahun Raib. Buku ini adalah buku ke-10 dari serial Bumi. Dalam novel Si Putih, pembaca akan diajak berpetualang ke klan baru yang belum pernah ditemukan di novel sebelumnya dari serial Bumi ini. Pembaca disuguhkan dengan berbagai tokoh dan karakter baru yang tidak kalah menarik, di antaranya N-ou, Kakek Tua Br-ham, Tabib Hebat, S-ket, Raja Gunung Timur, dan masih banyak lagi. a0754547